| 000 | 005210000a22001450004500 | ||
|---|---|---|---|
| 050 | 4 | _aCD 042 | |
| 100 | 1 | _aBolen, Todd | |
| 245 | 1 | 0 | _aPictorial Library of Bible Lands Vol 5 : Negev an the Wilderness / Todd Bolen |
| 505 | 0 | 0 | _a- Arad - Beersheba - Eilat - Nabatean Cities - Negev Highlands - Southern Wildlife - Spice Route - Tabernacle Model - Western Negev - Wilderness |
| 001 | 13609 | ||
| 942 | _cBK | ||
| 999 |
_c42566 _d42566 |
||
| 336 |
_atexto _btxt _2rdacontent |
||
| 337 |
_2rdamedia _asin mediación _bn |
||
| 338 |
_2rdacarrier _avolumen _bnc |
||